banner-ar

موسوعة نظم واساليب الحرب الحديثة / (Record no. 37800)

MARC details
000 -الفاتح
حقل البيانات ثابتة الطول 00378nam a2200133Ia 4500
008 - عناصر البيانات ثابتة الطول - معلومات عامة
حقل البيانات ثابتة الطول 140319s9999 xx 000 0 ara d
040 ## - مصدر الفهرسة
وكالة الفهرسة الأصلية GCL /
وكالة النسخ GCL
082 04 - رقم تصنيف ديوى العشرى
رقم التصنيف 355.003
رقم المادة ا م
100 1# - المدخل الرئيسى - إسم شخصى
الإسم الشخصى احمد انور زهران
245 10 - بيان العنوان
العنوان موسوعة نظم واساليب الحرب الحديثة /
بيان المسئوليه,etc احمد انور زهران
300 ## - الوصف المادى
التعداد 182 ص
490 ## - بيان السلسلة
عنوان السلسلة
Holdings
حالة التراجع حالة الفقد حالة تلف ليس للاعارة المكان المؤقت الموقع الحالى تاريخ الاكتساب اجمالي اﻻعارات رقم الطلب الباركود تاريخ اخر مشاهدة تاريخ تفعيل السعر نوع وعاء كوها
        مكتبة القاهرة الكبرى مكتبة القاهرة الكبرى 03/26/2014   355.003\ا م 92281 03/26/2014 03/26/2014 كتاب
        مكتبة القاهرة الكبرى مكتبة القاهرة الكبرى 03/26/2014   355.003\ا م 92282 03/26/2014 03/26/2014 كتاب

Powered By

EGPV